| Tag |
First Indicator |
Second Indicator |
Subfields |
| LEADER |
00000cam a2200000 a 4500 |
| 001 |
in00000581021 |
| 005 |
20151014082848.0 |
| 008 |
820430s1980 paua b 00110 eng |
| 010 |
|
|
|a 80053989
|
| 020 |
|
|
|a 0895460211 (pbk.) :
|c $15.00
|
| 035 |
|
|
|a (OCoLC)07226581
|
| 035 |
|
|
|9 ACQ2252AM
|
| 040 |
|
|
|a DLC
|c DLC
|d OCL
|d m/c
|d TXA
|d UtOrBLW
|
| 049 |
|
|
|a TXAM
|c [A10746841]
|
| 050 |
0 |
0 |
|a HD6475.A1
|b R68
|
| 082 |
0 |
|
|a 331.88/1133888
|2 19
|
| 090 |
|
|
|a HD6475.A1
|b R68 1982
|
| 100 |
1 |
|
|a Rowan, Richard L.
|
| 245 |
1 |
0 |
|a Multinational union organizations in the manufacturing industries /
|c by Richard L. Rowan, Herbert R. Northrup, Rae Ann O'Brien.
|
| 264 |
|
1 |
|a Philadelphia, Pa. :
|b Industrial Research Unit, Wharton School, University of Pennsylvania,
|c [1980]
|
| 264 |
|
3 |
|c 1982 printing
|
| 264 |
|
4 |
|c ©1980
|
| 300 |
|
|
|a xiii, 213 pages :
|b illustrations ;
|c 23 cm.
|
| 336 |
|
|
|a text
|b txt
|2 rdacontent
|
| 337 |
|
|
|a unmediated
|b n
|2 rdamedia
|
| 338 |
|
|
|a volume
|b nc
|2 rdacarrier
|
| 490 |
1 |
|
|a Multinational industrial relations series,
|x 0149-0818 ;
|v no. 7.
|a Multinational union studies ;
|v 7a.
|a Manufacturing
|
| 504 |
|
|
|a Includes bibliographical references and index.
|
| 650 |
|
0 |
|a International labor activities.
|
| 650 |
|
0 |
|a Labor unions.
|
| 700 |
1 |
|
|a Northrup, Herbert Roof,
|d 1918-2007.
|
| 700 |
1 |
|
|a O'Brien, Rae Ann.
|
| 830 |
|
0 |
|a Multinational industrial relations series.
|n No. 7,
|p Multinational union studies ;
|v 7a.
|
| 999 |
|
|
|a MARS
|
| 999 |
f |
f |
|s 2761cdd4-c65f-3342-a450-87eb8f388484
|i 446541f3-2c93-3326-97b4-2850520a76f6
|t 0
|
| 952 |
f |
f |
|p ric
|a Texas A&M University
|b Rellis Campus
|c Joint Library Facility
|d Remote Storage
|t 0
|e HD6475.A1 R68 1982
|h Library of Congress classification
|i unmediated -- volume
|m A14810746841
|
| 998 |
f |
f |
|a HD6475.A1 R68 1982
|t 0
|l Remote Storage
|